000 00543nam a2200205Ia 4500
003 GCL
008 140319s9999 xx 000 0 eng d
040 _aGCL /
_cGCL
082 0 4 _a709.03
_bM H
100 1 _aMURRAY,LINDA
245 1 0 _aTHE HIGH RENAISSANCE AND MANNERISM:ITALY THE NORTH AND SPAIN 1500-1600 /
_cMURRAY,LINDA
260 _a[S.N] :
_bTHAMES AND HUDSON ،
_c1993
300 _a287
650 0 4 _aARTS
650 0 4 _aITALY
650 0 4 _aART, ITALY
650 0 4 _aART, SPAIN
650 0 4 _aRENAISSANCE PERIOD
942 _2ddc
_cBK
999 _c18783
_d18783